00967nam a2200205Ia 4500008004100000020002500041245031500066260007900381300004100460440004100501504004100542500002000583650003000603650002900633700001600662710005600678003000100734005001700735040000900752  a9781901502091 (hbk.)00aQuantification and reduction of predictive uncertainty for sustainable water resources management :bproceedings of an international symposium [held] during IUGG2007, the XXIV General Assembly of the International Union of Geodesy and Geophysics at Perugia, Italy, July 2007 /cedited by Eva Boegh... [et al.] aWallingford :bInternational Association of Hydrological Sciences,cc2007. axiii, 507 p. :bill., maps ;c24 cm. aIAHS publication,x0144-7815 ;v313. aIncludes bibliographical references. aIncludes index. 0aWater-supplyvCongresses. 0aGroundwatervCongresses.1 aBoegh, Eva.2 aInternational Association of Hydrological Sciences.20230123125022.0 cNUST